000 00487nam a22001931c 4500
001 a987677733
008 161028s1960 gw |||| 000u ger d
041 _ager
100 1 _aRothfels, Hans
245 0 0 _aBismarck, der Osten und das Reich /
_cHans Rothfels
264 _aDarmstadt :
_bWiss. Buchges.,
_c1960
300 _a295 S.
650 0 _aAußenpolitik
650 0 _aBismarck, Otto von
650 0 _aDeutschland
942 _cMG
040 _cRU-10907106
003 RU-10907106
999 _c39215
_d39215